000 00923nam0a22002771 4500
001 rc\3258174
005 20130115143422.9
021 _aRU
_b70-53065
021 _aRU
_bРг12104-70
035 _a(NLR Aleph) 007385413
090 _a6553472
_c6553472
100 _a20130115d1970 |||y0rusy50 ca
101 0 _arus
102 _aRU
105 _ay z |||||
200 1 _aПартия и комсомол
_fПравл. о-ва "Знание" БССР. Комис. по пропаганде знаний среди молодежи
210 _aМинск
_cБ. и.
_d1970
215 _a21 с.
_d21
225 1 _aМатериал в помощь лектору
309 _aОтпеч. множит. аппаратом
700 1 _aФилиппович
_bВ. С.
_gВалентин Сергеевич
801 0 _aRU
_bNLR
_gpsbo
801 1 _aRU
_bELAR
_2rusmarc
852 _aNLR
_j70-4/16466
942 _cBOOK
980 _aNB